000 00284nam a22001337a 4500
003 SGT
082 _a346.20954,BAN
100 _aBANGIA,R.K
245 _aCONTRACT-II
260 _aFARIDABAD
_bALLAHABAD LAW AGENCY
_c2013
300 _a488
650 _aCONTRACT-II
942 _2ddc
_cBK
_010
999 _c9551
_d9551